[Event "Ruhrgebiet Verbandsliga1 1011"]
[Site "Nordrheinwestfalen"]
[Date "2011.03.20"]
[Round "8.4"]
[White "Wittmann, Rainer"]
[Black "Borgs, Martin"]
[Result "1-0"]
[WhiteElo "2027"]
[BlackElo "1959"]
[PlyCount "80"]
[EventDate "2011.09.12"]
[EventType "team-tourn"]
[EventRounds "9"]
[EventCountry "GER"]
[SourceTitle "EXT 2020"]
[Source "ChessBase"]
[SourceDate "2019.10.17"]
[SourceVersion "1"]
[SourceVersionDate "2019.10.17"]
[SourceQuality "1"]
[WhiteTeam "Dortmund SV"]
[BlackTeam "Kirchhellen SF"]
[WhiteTeamCountry "GER"]
[BlackTeamCountry "GER"]

1. e4 c5 2. Nf3 e6 3. d4 cxd4 4. Nxd4 a6 5. Bd3 Qc7 6. 0-0 Nf6 7. Qe2 d6 8. f4 Nbd7 9. Nf3 Nc5 10. a4 Be7 11. Nc3 Nxd3 12. cxd3 0-0 13. Be3 Bd7 14. Rfc1 Qa5 15. Qd2 Kh8 16. h3 Rfc8 17. g4 Be8 18. b4 Qd8 19. Qb2 Kg8 20. Qb3 g6 21. a5 Bc6 22. Nd4 e5 23. Nxc6 bxc6 24. f5 Rab8 25. g5 Nh5 26. f6 Bf8 27. Na4 Rb7 28. Nb6 Rcc7 29. Rc2 h6 30. h4 c5 31. Nd5 Qd7 32. Rg2 Qh3 33. gxh6 Rxb4 34. Qd1 Rcb7 35. Qxh5 Kh7 36. Qe2 Rb1+ 37. Rxb1 Rxb1+ 38. Kf2 Qxh4+ 39. Kf3 Qh5+ 40. Kg3 Bxh6 1-0

[Event "Ruhrgebiet VK2 0910"]
[Site "Ruhrgebiet"]
[Date "2010.02.21"]
[Round "7.4"]
[White "Ebert, Manfred"]
[Black "Borgs, Martin"]
[Result "1/2-1/2"]
[WhiteElo "2086"]
[BlackElo "1980"]
[PlyCount "37"]
[EventDate "2009.09.06"]
[EventType "team"]
[EventRounds "9"]
[EventCountry "GER"]
[SourceTitle "EXT 2011"]
[Source "ChessBase"]
[SourceDate "2010.11.26"]
[SourceVersion "1"]
[SourceVersionDate "2010.11.26"]
[SourceQuality "1"]
[WhiteTeam "Buer"]
[BlackTeam "Kirchhellen SF"]
[WhiteTeamCountry "GER"]
[BlackTeamCountry "GER"]

1. g3 d5 2. Bg2 Nf6 3. d3 c6 4. c3 Bf5 5. Nd2 e5 6. e4 dxe4 7. Nxe4 Be7 8. Ne2 Bxe4 9. Bxe4 Nxe4 10. dxe4 Qxd1+ 11. Kxd1 Nd7 12. Kc2 0-0-0 13. Be3 Bc5 14. Bxc5 Nxc5 15. f3 Rd7 16. Rad1 Rhd8 17. Rxd7 Rxd7 18. Rd1 Rxd1 19. Kxd1 1/2-1/2

[Event "Ruhrgebiet VK2 0910"]
[Site "Ruhrgebiet"]
[Date "2010.02.07"]
[Round "6.4"]
[White "Borgs, Martin"]
[Black "Bautz, Volker"]
[Result "1/2-1/2"]
[WhiteElo "1980"]
[BlackElo "1811"]
[PlyCount "32"]
[EventDate "2009.09.06"]
[EventType "team"]
[EventRounds "9"]
[EventCountry "GER"]
[SourceTitle "EXT 2011"]
[Source "ChessBase"]
[SourceDate "2010.11.26"]
[SourceVersion "1"]
[SourceVersionDate "2010.11.26"]
[SourceQuality "1"]
[WhiteTeam "Kirchhellen SF"]
[BlackTeam "Bochum SV II"]
[WhiteTeamCountry "GER"]
[BlackTeamCountry "GER"]

1. d4 c5 2. e3 g6 3. Nf3 Bg7 4. Bd3 Nf6 5. 0-0 0-0 6. Nbd2 d5 7. b3 cxd4 8. exd4 Nc6 9. Bb2 Bg4 10. h3 Bd7 11. Ne5 Nb4 12. Be2 Be6 13. a3 Nc6 14. Bd3 Qb6 15. Ndf3 Rad8 16. Nxc6 Qxc6 1/2-1/2

[Event "Ruhrgebiet VK2 0910"]
[Site "Ruhrgebiet"]
[Date "2009.11.08"]
[Round "3.3"]
[White "Borgs, Martin"]
[Black "Claussen, Uwe"]
[Result "1/2-1/2"]
[WhiteElo "1980"]
[BlackElo "1999"]
[PlyCount "109"]
[EventDate "2009.09.06"]
[EventType "team"]
[EventRounds "9"]
[EventCountry "GER"]
[SourceTitle "EXT 2011"]
[Source "ChessBase"]
[SourceDate "2010.11.26"]
[SourceVersion "1"]
[SourceVersionDate "2010.11.26"]
[SourceQuality "1"]
[WhiteTeam "Kirchhellen SF"]
[BlackTeam "Essen Werden"]
[WhiteTeamCountry "GER"]
[BlackTeamCountry "GER"]

1. d4 e6 2. Nf3 d5 3. c4 c6 4. e3 Nf6 5. Nc3 Be7 6. Bd3 Nbd7 7. 0-0 0-0 8. Qe2 dxc4 9. Bxc4 b5 10. Bd3 b4 11. Nb1 c5 12. Nbd2 cxd4 13. exd4 Bb7 14. Nc4 Nb6 15. Be3 Qd5 16. Rfd1 Nxc4 17. Bxc4 Qe4 18. h3 Rac8 19. Rac1 a5 20. Bd3 Qd5 21. Bc4 Qe4 22. Bd3 Qd5 23. Bc4 Qh5 24. Ne5 Qxe2 25. Bxe2 Nd5 26. Bb5 Bd6 27. Nd3 Rfd8 28. Rxc8 Rxc8 29. Rc1 Rxc1+ 30. Bxc1 Nb6 31. Bd2 Bd5 32. b3 Kf8 33. Kf1 Ke7 34. f3 f6 35. Ke2 g5 36. Nb2 Bc7 37. Na4 Nxa4 38. Bxa4 Bf4 39. Be1 Bc1 40. Bb5 f5 41. Bg3 f4 42. Be1 h5 43. Bd3 Be3 44. Bg6 Bc6 45. h4 Kf6 46. Bxh5 Bb5+ 47. Kd1 Bxd4 48. Bg4 e5 49. hxg5+ Kxg5 50. Bh3 Bd3 51. Bd7 Be3 52. Bc6 Bf1 53. g3 Bd3 54. Bd5 Bb5 55. Be4 1/2-1/2

[Event "Ruhrgebiet VK3 0001"]
[Site "Ruhrgebiet"]
[Date "2001.02.11"]
[Round "6"]
[White "Borgs, Martin"]
[Black "Schnirch, Siegmund"]
[Result "1-0"]
[WhiteElo "1911"]
[BlackElo "1841"]
[PlyCount "105"]
[EventDate "2000.09.17"]
[EventType "team-tourn"]
[EventRounds "9"]
[EventCountry "GER"]
[SourceTitle "EXT 2023"]
[Source "ChessBase"]
[SourceDate "2022.10.05"]
[SourceVersion "1"]
[SourceVersionDate "2022.10.05"]
[SourceQuality "1"]
[WhiteTeam "Kirchhellen SF"]
[BlackTeam "Drewer SG"]
[WhiteTeamCountry "GER"]
[BlackTeamCountry "GER"]

1. d4 c5 2. Nf3 e6 3. e3 Nf6 4. Bd3 Nc6 5. 0-0 d5 6. b3 cxd4 7. exd4 Bd6 8. Nbd2 0-0 9. Bb2 b6 10. a3 Bb7 11. Ne5 Ne7 12. Qe2 Ng6 13. f4 Qe7 14. a4 Rfd8 15. Rad1 Rac8 16. Qf3 Nd7 17. Qh3 Ndf8 18. f5 Nxe5 19. dxe5 Bc5+ 20. Kh1 exf5 21. Bxf5 Rc6 22. Nf3 Ba6 23. Bd3 Bxd3 24. Rxd3 Ne6 25. Nh4 Ng5 26. Qg4 g6 27. Bc1 Ne4 28. Nf5 Qc7 29. Nh6+ Kg7 30. Rdf3 Rd7 31. Qh4 Bf2 32. R1xf2 g5 33. Nf5+ Kg8 34. Bxg5 Nxf2+ 35. Rxf2 Qxe5 36. Rf1 Qe2 37. Rg1 Qe4 38. Qxe4 dxe4 39. Ne7+ Rxe7 40. Bxe7 Rxc2 41. Re1 f5 42. Kg1 Kf7 43. Bg5 Rb2 44. Re3 Ke6 45. Rh3 a6 46. Rh6+ Ke5 47. Rxb6 Rb1+ 48. Kf2 Kd5 49. Rxa6 Rb2+ 50. Kf1 Rb1+ 51. Ke2 Rb2+ 52. Bd2 f4 53. Kd1 1-0

[Event "Ruhrgebiet VK3 0001"]
[Site "Ruhrgebiet"]
[Date "2000.11.19"]
[Round "3"]
[White "Frombach, Ralf"]
[Black "Borgs, Martin"]
[Result "1/2-1/2"]
[WhiteElo "2011"]
[BlackElo "1911"]
[PlyCount "97"]
[EventDate "2000.09.17"]
[EventType "team-tourn"]
[EventRounds "9"]
[EventCountry "GER"]
[SourceTitle "EXT 2023"]
[Source "ChessBase"]
[SourceDate "2022.10.05"]
[SourceVersion "1"]
[SourceVersionDate "2022.10.05"]
[SourceQuality "1"]
[WhiteTeam "Werne SK"]
[BlackTeam "Kirchhellen SF"]
[WhiteTeamCountry "GER"]
[BlackTeamCountry "GER"]

1. d4 Nf6 2. c4 e6 3. g3 d5 4. Bg2 Be7 5. Nf3 0-0 6. 0-0 c5 7. cxd5 Nxd5 8. e4 Nf6 9. e5 Nd5 10. Nc3 Nxc3 11. bxc3 Nc6 12. Be3 cxd4 13. cxd4 Nb4 14. Nd2 Nd5 15. Ne4 b6 16. Qh5 Bb7 17. Bg5 Bxg5 18. Nxg5 h6 19. Ne4 Ba6 20. Rfc1 Rc8 21. Qd1 Qd7 22. Qd2 Rxc1+ 23. Rxc1 Rc8 24. Nd6 Rxc1+ 25. Qxc1 Qa4 26. Qd2 Nc3 27. h4 Qxd4 28. Qxd4 Ne2+ 29. Kf1 Nxd4+ 30. Ke1 Kf8 31. Kd2 Ke7 32. Kc3 Nb5+ 33. Nxb5 Bxb5 34. Kd4 Kd7 35. Bf3 Bc6 36. Bh5 Ke7 37. f4 Bd5 38. a3 Bc6 39. Be2 Kd7 40. Bh5 Ke7 41. Be2 Kd7 42. Bh5 f5 43. Be2 Ba4 44. Bc4 a5 45. Ba2 Bd1 46. Bc4 Bf3 47. Bb3 Bb7 48. Ba4+ Kc7 49. Bd1 1/2-1/2